[Event "First Saturday 2008 augusztus FM-B"]
[Site "Budapest"]
[Date "2008.08.02"]
[Round "1"]
[White "Letay, Gyula"]
[Black "Bodrogi, Laszlo"]
[Result "1/2-1/2"]
[WhiteElo "2085"]
[BlackElo "2104"]
[PlyCount "54"]
[EventDate "2008.08.02"]

1. Nf3 d5 2. d4 e6 3. c4 f5 4. g3 Nf6 5. Bg2 c6 6. O-O Bd6 7. b3 Qe7 8. Ne5 O-O
9. Bb2 Bd7 10. Qc1 Be8 11. Ba3 Nbd7 12. Nd3 Bf7 13. Bxd6 Qxd6 14. Qa3 Qxa3 15.
Nxa3 Rfe8 16. f4 a5 17. Rfc1 Kf8 18. Nb1 h6 19. Nc3 Ke7 20. Ne5 g5 21. Bh3 Rec8
22. e3 Bh5 23. Rc2 gxf4 24. Nxd7 Nxd7 25. gxf4 Rg8+ 26. Kh1 Bf3+ 27. Bg2 Be4
1/2-1/2

[Event "First Saturday 2008 augusztus FM-B"]
[Site "Budapest"]
[Date "2008.08.02"]
[Round "1"]
[White "Nyland, Thomas"]
[Black "Trajber, Csaba dr"]
[Result "1-0"]
[WhiteElo "2107"]
[BlackElo "2097"]
[PlyCount "75"]
[EventDate "2008.08.02"]

1. d4 d5 2. c4 c6 3. Nc3 Nf6 4. Nf3 e6 5. cxd5 exd5 6. Bg5 Nbd7 7. e3 Qa5 8.
Nd2 Bd6 9. Bd3 O-O 10. O-O Qc7 11. f4 Re8 12. Qe1 b5 13. Rc1 a6 14. Qh4 Qb6 15.
Rf3 b4 16. Na4 Qb7 17. Rh3 Nf8 18. Bxf6 Bxh3 19. Be5 Bxe5 20. fxe5 Be6 21. Nc5
Qc8 22. Rf1 a5 23. Nf3 Qd8 24. Qh5 Ra7 25. Ng5 h6 26. Nf3 Nd7 27. Nxe6 Rxe6 28.
Ng5 Nf8 29. Nxe6 Nxe6 30. Qf5 Qg5 31. Qh7+ Kf8 32. Rf3 Qg4 33. Qh8+ Ke7 34. h3
Qg5 35. Qb8 Rd7 36. Bf5 g6 37. Bxe6 Kxe6 38. Qe8+ 1-0

[Event "First Saturday 2008 augusztus FM-B"]
[Site "Budapest"]
[Date "2008.08.02"]
[Round "1"]
[White "Greis, Bernhard"]
[Black "Fleming, Andrew S.J"]
[Result "1/2-1/2"]
[WhiteElo "2000"]
[BlackElo "2041"]
[PlyCount "61"]
[EventDate "2008.08.02"]

1. d4 e6 2. Bf4 Nf6 3. Nf3 d5 4. e3 Nbd7 5. Bd3 c5 6. Nc3 c4 7. Be2 Bb4 8. Nd2
Bxc3 9. bxc3 O-O 10. e4 Qa5 11. e5 Ne8 12. O-O Qxc3 13. Nf3 Qa3 14. Bc1 Qa5 15.
a4 Nc7 16. Bd2 Qb6 17. Bc3 Qc6 18. Qd2 Re8 19. Ng5 h6 20. Nxf7 Kxf7 21. Bh5+
Kg8 22. Bxe8 Nxe8 23. f4 Nf8 24. g4 Nh7 25. h4 Qc7 26. Rf3 g6 27. Raf1 Ng7 28.
Bb4 Qf7 29. f5 exf5 30. Qxh6 Be6 31. Kh1 1/2-1/2

[Event "First Saturday 2008 augusztus FM-B"]
[Site "Budapest"]
[Date "2008.08.02"]
[Round "1"]
[White "Trajber, Daniel"]
[Black "Eisenbeiser, Karlheinz"]
[Result "0-1"]
[WhiteElo "2038"]
[BlackElo "2034"]
[PlyCount "58"]
[EventDate "2008.08.02"]

1. e4 g6 2. d4 Bg7 3. Nc3 d6 4. f4 Nf6 5. Nf3 Na6 6. Bd3 O-O 7. O-O c5 8. d5 e6
9. Bc4 exd5 10. Bxd5 Nc7 11. Re1 Re8 12. Ng5 Nfxd5 13. Nxd5 h6 14. Nf3 b5 15.
c3 Bb7 16. Nxc7 Qxc7 17. Qc2 Re7 18. a4 Rae8 19. Nd2 a6 20. axb5 axb5 21. e5
dxe5 22. f5 gxf5 23. Qxf5 Qc6 24. Ne4 Re6 25. Qf2 Rg6 26. Ng3 f5 27. h4 Rg4 28.
h5 f4 29. Ne4 f3 0-1

[Event "First Saturday 2008 augusztus FM-B"]
[Site "Budapest"]
[Date "2008.08.03"]
[Round "2"]
[White "Bodrogi, Laszlo"]
[Black "Eisenbeiser, Karlheinz"]
[Result "1-0"]
[WhiteElo "2104"]
[BlackElo "2034"]
[PlyCount "93"]
[EventDate "2008.08.02"]

1. d4 d6 2. e4 g6 3. Nf3 Bg7 4. Be2 Nf6 5. Nc3 c6 6. a4 a5 7. O-O O-O 8. h3 Qc7
9. Be3 Na6 10. Nd2 d5 11. e5 Nd7 12. f4 f5 13. Nf3 Rd8 14. g4 Nf8 15. Nh4 e6
16. Nf3 Bd7 17. Kh2 Be8 18. Bf2 Bf7 19. Qd2 Nd7 20. gxf5 exf5 21. h4 Nf8 22. h5
Ne6 23. Bh4 Re8 24. Rg1 gxh5 25. Ng5 Bg6 26. Bf3 Nxg5 27. Bxg5 Qf7 28. Ne2 Nc7
29. Rg2 Kh8 30. Rag1 Ne6 31. Bh4 Rg8 32. c4 Nc7 33. Nc3 Qe6 34. cxd5 Nxd5 35.
Nxd5 cxd5 36. Rc1 Qd7 37. Rc5 Bf7 38. Rxa5 Rxa5 39. Qxa5 Bh6 40. Bf6+ Bg7 41.
Rxg7 Rxg7 42. Qa8+ Bg8 43. Qf8 Qf7 44. Qxf7 Bxf7 45. a5 Kg8 46. Bxg7 Kxg7 47.
b4 1-0

[Event "First Saturday 2008 augusztus FM-B"]
[Site "Budapest"]
[Date "2008.08.03"]
[Round "2"]
[White "Fleming, Andrew S.J"]
[Black "Trajber, Daniel"]
[Result "1/2-1/2"]
[WhiteElo "2041"]
[BlackElo "2038"]
[PlyCount "53"]
[EventDate "2008.08.02"]

1. e4 c5 2. Nc3 Nc6 3. Nf3 e6 4. d4 cxd4 5. Nxd4 Qc7 6. Be2 a6 7. O-O Nf6 8. a3
Be7 9. Kh1 O-O 10. f4 d6 11. Be3 Bd7 12. Qe1 b5 13. Qg3 Kh8 14. Rad1 Ne8 15. f5
Bf6 16. fxe6 fxe6 17. Bg4 Nxd4 18. Bxd4 Kg8 19. Qh3 Qc4 20. b3 Qc8 21. Nd5 exd5
22. Bxd7 Qc7 23. Qe6+ Kh8 24. Qxd5 Rd8 25. Bxe8 Rdxe8 26. Bxf6 gxf6 27. Qxd6
1/2-1/2

[Event "First Saturday 2008 augusztus FM-B"]
[Site "Budapest"]
[Date "2008.08.03"]
[Round "2"]
[White "Trajber, Csaba dr"]
[Black "Greis, Bernhard"]
[Result "1-0"]
[WhiteElo "2097"]
[BlackElo "2000"]
[PlyCount "75"]
[EventDate "2008.08.02"]

1. e4 c5 2. Nf3 d6 3. d4 cxd4 4. Nxd4 Nf6 5. Nc3 g6 6. Be3 Bg7 7. f3 O-O 8. Qd2
Nc6 9. O-O-O d5 10. Nxc6 bxc6 11. exd5 Nxd5 12. Nxd5 cxd5 13. Qxd5 Qc7 14. Qc5
Qb7 15. b3 Bf5 16. Bd3 Rac8 17. Qa5 Rc3 18. Bxf5 Rxe3 19. Be4 Rxe4 20. fxe4
Qxe4 21. g3 Bf6 22. Rhe1 Qg2 23. Rd2 Qc6 24. c4 Qf3 25. Kc2 Rc8 26. Rd8+ Rxd8
27. Qxd8+ Kg7 28. Qd3 Qh5 29. b4 Qxh2+ 30. Re2 Qg1 31. c5 a5 32. c6 Qa1 33. Kb3
axb4 34. c7 Qc1 35. Qc4 Qa3+ 36. Kc2 Qa4+ 37. Kd2 Bc3+ 38. Ke3 1-0

[Event "First Saturday 2008 augusztus FM-B"]
[Site "Budapest"]
[Date "2008.08.03"]
[Round "2"]
[White "Anar, Oskun"]
[Black "Nyland, Thomas"]
[Result "0-1"]
[WhiteElo "1961"]
[BlackElo "2107"]
[PlyCount "55"]
[EventDate "2008.08.02"]

1. e4 e5 2. Nf3 Nc6 3. Bb5 Nf6 4. O-O Nxe4 5. Bxc6 dxc6 6. d4 Be7 7. Re1 Nf6 8.
dxe5 Qxd1 9. Rxd1 Nd5 10. Nd4 O-O 11. c4 Nb6 12. b3 f6 13. e6 Rd8 14. Nc3 Bc5
15. Be3 Bxd4 16. Ne4 f5 17. Nc5 Bf6 18. Rxd8+ Bxd8 19. Rd1 Be7 20. a4 a5 21.
Kf1 Kf8 22. Ke2 Ke8 23. Kd3 Bxc5 24. Bxc5 Bxe6 25. Bd4 Rd8 26. c5 Nc8 27. Rd2
Kf7 28. Ke2 0-1

[Event "First Saturday 2008 augusztus FM-B"]
[Site "Budapest"]
[Date "2008.08.04"]
[Round "3"]
[White "Nyland, Thomas"]
[Black "Surinya, Tibor"]
[Result "1-0"]
[WhiteElo "2107"]
[BlackElo "2049"]
[PlyCount "77"]
[EventDate "2008.08.02"]

1. d4 Nf6 2. c4 e6 3. Nc3 Bb4 4. Qc2 c5 5. dxc5 O-O 6. Bg5 Bxc5 7. Nf3 b6 8. e4
h6 9. Bh4 Be7 10. e5 Ne8 11. Bxe7 Qxe7 12. Qe4 Nc6 13. Bd3 g6 14. h4 h5 15. g4
Ng7 16. Nb5 Qb4+ 17. Kf1 a6 18. Nd6 hxg4 19. h5 f5 20. exf6 Rxf6 21. Nxc8 Rxc8
22. Qxg4 Rcf8 23. hxg6 Qe7 24. Qh3 Nh5 25. Qxh5 Qg7 26. Rh3 Ne7 27. Qh7+ Qxh7
28. gxh7+ Kh8 29. Ke2 Nc6 30. Ke3 Nb4 31. Rg1 d5 32. Rg8+ Rxg8 33. hxg8=Q+ Kxg8
34. a3 Nc6 35. cxd5 exd5 36. Bxa6 Re6+ 37. Kf4 Ne7 38. Bd3 Nc6 39. b4 1-0

[Event "First Saturday 2008 augusztus FM-B"]
[Site "Budapest"]
[Date "2008.08.04"]
[Round "3"]
[White "Greis, Bernhard"]
[Black "Anar, Oskun"]
[Result "0-1"]
[WhiteElo "2000"]
[BlackElo "1961"]
[PlyCount "36"]
[EventDate "2008.08.02"]

1. d4 Nf6 2. Bf4 g6 3. Nf3 Bg7 4. e3 O-O 5. Bd3 d6 6. O-O Bg4 7. h3 Bxf3 8.
Qxf3 c6 9. Nc3 Nbd7 10. a4 e5 11. Bh2 Re8 12. a5 Qe7 13. dxe5 Nxe5 14. Bxe5
dxe5 15. Ra4 Qc7 16. Rfa1 Rad8 17. Rc4 a6 18. b4 e4 0-1

[Event "First Saturday 2008 augusztus FM-B"]
[Site "Budapest"]
[Date "2008.08.04"]
[Round "3"]
[White "Trajber, Daniel"]
[Black "Trajber, Csaba dr"]
[Result "1/2-1/2"]
[WhiteElo "2038"]
[BlackElo "2097"]
[PlyCount "44"]
[EventDate "2008.08.02"]

1. e4 c5 2. Nf3 e6 3. d4 cxd4 4. Nxd4 a6 5. Nc3 Qc7 6. Be2 Nc6 7. O-O Nf6 8.
Be3 Bb4 9. Na4 Be7 10. Nxc6 bxc6 11. Nb6 Rb8 12. Nxc8 Qxc8 13. e5 Nd5 14. Bc1
Bc5 15. c4 Ne7 16. b3 Qc7 17. Bb2 d6 18. exd6 Bxd6 19. g3 Be5 20. Bxe5 Qxe5 21.
Re1 Qa5 22. Qd4 O-O 1/2-1/2

 24. Bf1 Ne4 25. Kb2 Bxd4+ 26. Rxd4 a5 27.
Bb5 Re7 28. f5 Nc3 29. fxe6+ Rxe6 30. Rf1+ Rf6 31. Rxf6+ Kxf6 32. Kb3 Ra7 33.
a3 Ke5 34. Rd3 Nxb5 35. axb5 bxa3 36. Kxa3 Rc7 37. Ka4 Rxc2 38. Kxa5 Ra2+ 39.
Kb6 Rxh2 40. Kc6 Rc2+ 41. Kd7 Rb2 42. Kc6 d4 43. b6 Ke4 44. Rd1 d3 45. b7 d2
46. Rxd2 Rxd2 47. b8=Q Rf2 48. Qb4+ Kf3 49. Qc3+ Kg2 50. Qxg7 Rf3 51. g4 Kg3
52. g5 Rf5 53. Qxh7 Rxg5 54. Kd6 Rg4 55. Ke5 Rg5+ 56. Ke4 Rg4+ 57. Ke3 Rg5 58.
Qc7+ Kg4 59. Qd7+ Kg3 60. Qd6+ Kg4 61. Qf6 Rf5 62. Qg6+ Rg5 63. Qd6 Rf5 64. Ke4
Rg5 65. Qd1+ Kh3 66. Kf4 1-0

[Event "First Saturday 2008 augusztus FM-B"]
[Site "Budapest"]
[Date "2008.08.04"]
[Round "3"]
[White "Eisenbeiser, Karlheinz"]
[Black "Fleming, Andrew S.J"]
[Result "1-0"]
[WhiteElo "2034"]
[BlackElo "2041"]
[PlyCount "45"]
[EventDate "2008.08.02"]

1. b3 Nf6 2. Bb2 e6 3. g3 d5 4. Bg2 c5 5. e3 Be7 6. Ne2 Nc6 7. d3 O-O 8. O-O
Qc7 9. h3 e5 10. Nd2 a6 11. f4 Bd6 12. f5 d4 13. e4 b5 14. g4 h6 15. Ng3 Rb8
16. h4 Nh7 17. Nf3 g5 18. hxg5 hxg5 19. Bc1 f6 20. Kf2 c4 21. Bd2 Qe7 22. Rh1
Rf7 23. Rh6 1-0

[Event "First Saturday 2008 augusztus FM-B"]
[Site "Budapest"]
[Date "2008.08.05"]
[Round "4"]
[White "Bodrogi, Laszlo"]
[Black "Fleming, Andrew S.J"]
[Result "0-1"]
[WhiteElo "2104"]
[BlackElo "2041"]
[PlyCount "64"]
[EventDate "2008.08.02"]

1. d4 e6 2. e4 d5 3. Nc3 Bb4 4. e5 c5 5. a3 cxd4 6. axb4 dxc3 7. bxc3 Qc7 8.
Nf3 Nc6 9. Bf4 Nge7 10. Bb5 O-O 11. Bg3 Nf5 12. Qd3 Bd7 13. Kd2 d4 14. Bxc6
dxc3+ 15. Qxc3 Bxc6 16. Rhd1 Qb6 17. Ke1 Rac8 18. Qc5 Qxc5 19. bxc5 a6 20. Ra5
Bb5 21. Nd2 Rxc5 22. c4 Nxg3 23. hxg3 b6 24. Raa1 Bxc4 25. Nxc4 Rxc4 26. Rxa6
b5 27. Rd7 Re4+ 28. Kf1 Rxe5 29. Rb6 h6 30. Rdb7 Ra8 31. f4 Re3 32. Kf2 Rd3 0-1

[Event "First Saturday 2008 augusztus FM-B"]
[Site "Budapest"]
[Date "2008.08.05"]
[Round "4"]
[White "Trajber, Csaba dr"]
[Black "Eisenbeiser, Karlheinz"]
[Result "1-0"]
[WhiteElo "2097"]
[BlackElo "2034"]
[PlyCount "77"]
[EventDate "2008.08.02"]

1. e4 c6 2. d4 d6 3. Nc3 e5 4. f4 exd4 5. Qxd4 Qb6 6. Qd2 Nf6 7. b3 d5 8. exd5
cxd5 9. Bb5+ Bd7 10. Qe2+ Qe6 11. Bb2 Bd6 12. g3 O-O 13. O-O-O Re8 14. Qxe6
fxe6 15. Nf3 a6 16. Bd3 b5 17. Rhe1 Nc6 18. Bf1 Bc5 19. Bh3 b4 20. Na4 Ba7 21.
Nd4 Nxd4 22. Bxd4 Bxa4 23. bxa4 Kf7 24. Bf1 Ne4 25. Be2 Bxd4 26. Rxd4 a5 27.
Bb5 Re7 28. f5 Nc3 29. fxe6+ Rxe6 30. Rf1+ Rf6 31. Rxf6+ Kxf6 32. Kb2 Ra7 33.
a3 Ke5 34. Rd3 Nxb5 35. axb5 bxa3+ 36. Kxa3 Rc7 37. Ka4 Rxc2 38. Kxa5 Ra2+ 39.
Kb6 1-0

[Event "First Saturday 2008 augusztus FM-B"]
[Site "Budapest"]
[Date "2008.08.05"]
[Round "4"]
[White "Anar, Oskun"]
[Black "Trajber, Daniel"]
[Result "0-1"]
[WhiteElo "1961"]
[BlackElo "2038"]
[PlyCount "72"]
[EventDate "2008.08.02"]

1. e4 c5 2. Nf3 d6 3. g3 Nf6 4. d3 Nc6 5. Bg2 e5 6. h3 g6 7. O-O Bg7 8. Bg5 h6
9. Be3 Be6 10. c3 Qd7 11. Kh2 O-O 12. Nbd2 b6 13. d4 exd4 14. cxd4 d5 15. e5
Ne4 16. dxc5 Nxc5 17. Nb3 Nxb3 18. axb3 Nxe5 19. Nxe5 Bxe5 20. Bxh6 Bxb2 21.
Ra2 Bg7 22. Bxg7 Kxg7 23. Qd4+ f6 24. Rd1 Rad8 25. Rda1 Ra8 26. Ra6 Rh8 27. h4
g5 28. R1a4 gxh4 29. gxh4 Qc7+ 30. Kg1 Bd7 31. Bxd5 Bxa4 32. Qxa4 Qc1+ 33. Kg2
Rad8 34. Rxa7+ Kh6 35. Bf3 Rhg8+ 36. Kh2 Qg1+ 0-1

[Event "First Saturday 2008 augusztus FM-B"]
[Site "Budapest"]
[Date "2008.08.05"]
[Round "4"]
[White "Surinya, Tibor"]
[Black "Greis, Bernhard"]
[Result "1-0"]
[WhiteElo "2049"]
[BlackElo "2000"]
[PlyCount "141"]
[EventDate "2008.08.02"]

1. d4 Nf6 2. c4 g6 3. Nc3 d5 4. Bf4 Bg7 5. e3 O-O 6. Nf3 c5 7. dxc5 Qa5 8. cxd5
Nxd5 9. Be5 Bxe5 10. Nxe5 Rd8 11. Qb3 Be6 12. Bc4 Nd7 13. Nxd7 Rxd7 14. c6 bxc6
15. O-O Qb6 16. Na4 Qxb3 17. Bxb3 Nb6 18. Bxe6 fxe6 19. Nc5 Rd2 20. b3 e5 21.
Ne4 Rd5 22. Rac1 Rc8 23. Rc5 Nd7 24. Rc2 a5 25. Rfc1 h6 26. Kf1 c5 27. Ke2 Kf7
28. Nc3 Rd6 29. Na4 Rdc6 30. Nb2 Nb6 31. Nd3 Nd7 32. Rc4 Kf6 33. R4c3 g5 34. h3
e4 35. Nb2 Ne5 36. f3 exf3+ 37. gxf3 Kf5 38. e4+ Kf4 39. Kf2 h5 40. Nc4 Nxc4
41. Rxc4 e5 42. Rd1 g4 43. hxg4 hxg4 44. fxg4 Kxg4 45. Ke3 Kg5 46. Rf1 Rf6 47.
Rg1+ Kh6 48. Rc2 Kh7 49. Rcg2 Rcf8 50. Rg3 Rh6 51. Kd3 Rh4 52. Re1 a4 53. Ree3
axb3 54. axb3 Rd8+ 55. Kc4 Rd4+ 56. Kxc5 Rhxe4 57. Rxe4 Rxe4 58. Kd5 Re1 59.
Rg4 Rb1 60. b4 e4 61. Rxe4 Kg6 62. Kc5 Rc1+ 63. Kb6 Kf5 64. Re2 Rc3 65. b5 Rc1
66. Kb7 Kf6 67. b6 Kf7 68. Kb8 Rc3 69. b7 Rd3 70. Ra2 Ke7 71. Ka8 1-0

[Event "First Saturday 2008 augusztus FM-B"]
[Site "Budapest"]
[Date "2008.08.05"]
[Round "4"]
[White "Letay, Gyula"]
[Black "Nyland, Thomas"]
[Result "0-1"]
[WhiteElo "2085"]
[BlackElo "2107"]
[PlyCount "98"]
[EventDate "2008.08.02"]

1. e4 e5 2. Nf3 Nc6 3. Bc4 Bc5 4. c3 Nf6 5. d4 exd4 6. cxd4 Bb4+ 7. Nc3 Nxe4 8.
Qb3 O-O 9. O-O Bxc3 10. bxc3 d5 11. Bd3 b6 12. Qc2 Re8 13. Bxe4 dxe4 14. Ng5
Ba6 15. Qb3 Qf6 16. Re1 Na5 17. Qd1 Bb7 18. Qg4 Qg6 19. h4 h5 20. Qh3 f6 21.
Ne6 Bc8 22. Nf4 Bxh3 23. Nxg6 Bg4 24. Nf4 c6 25. Ne2 Bxe2 26. Rxe2 Nc4 27. Bf4
Re6 28. Rae1 Rae8 29. g3 Kf7 30. Kg2 Kg6 31. Kh3 Kf5 32. Bc1 g5 33. hxg5 fxg5
34. Kg2 Kg6 35. Kh2 b5 36. f3 e3 37. Kg2 Kf5 38. Rh1 Kg6 39. f4 g4 40. f5+ Kxf5
41. Rxh5+ Ke4 42. Rg5 Kd3 43. Re1 Re4 44. d5 R8e5 45. Rxe5 Rxe5 46. dxc6 Rc5
47. Kf1 Rxc6 48. Re2 Rf6+ 49. Ke1 Rh6 0-1

[Event "First Saturday 2008 augusztus FM-B"]
[Site "Budapest"]
[Date "2008.08.06"]
[Round "5"]
[White "Greis, Bernhard"]
[Black "Letay, Gyula"]
[Result "0-1"]
[WhiteElo "2000"]
[BlackElo "2085"]
[PlyCount "40"]
[EventDate "2008.08.02"]

1. d4 Nf6 2. Bf4 g6 3. Nf3 Bg7 4. e3 O-O 5. Bd3 d6 6. O-O Nbd7 7. Nbd2 c5 8. c3
b6 9. Qe2 Bb7 10. Ba6 Bxa6 11. Qxa6 Qc7 12. h3 Rfe8 13. e4 e5 14. dxe5 dxe5 15.
Be3 Qc6 16. Rad1 Qc7 17. Qc4 Qb7 18. a4 h6 19. Nh4 Nf8 20. Qb3 Nxe4 0-1

[Event "First Saturday 2008 augusztus FM-B"]
[Site "Budapest"]
[Date "2008.08.06"]
[Round "5"]
[White "Trajber, Daniel"]
[Black "Surinya, Tibor"]
[Result "1-0"]
[WhiteElo "2038"]
[BlackElo "2049"]
[PlyCount "57"]
[EventDate "2008.08.02"]

1. e4 c5 2. Nf3 d6 3. d4 cxd4 4. Nxd4 Nf6 5. Nc3 a6 6. Be3 e6 7. g4 e5 8. Nf5
g6 9. g5 gxf5 10. exf5 d5 11. gxf6 d4 12. Bc4 Qc7 13. Qd3 dxe3 14. O-O-O exf2
15. Bxf7+ Kxf7 16. Qd5+ Kxf6 17. Ne4+ Ke7 18. Nd6 Bh6+ 19. Kb1 Kf6 20. Rhf1 Rf8
21. Rxf2 Nc6 22. Nxc8 Qxc8 23. Qd6+ Kg7 24. Rg1+ Kh8 25. Qxh6 Qd7 26. f6 Rf7
27. Rfg2 Raf8 28. Qg5 Qd8 29. Qg7+ 1-0

[Event "First Saturday 2008 augusztus FM-B"]
[Site "Budapest"]
[Date "2008.08.06"]
[Round "5"]
[White "Eisenbeiser, Karlheinz"]
[Black "Anar, Oskun"]
[Result "1-0"]
[WhiteElo "2034"]
[BlackElo "1961"]
[PlyCount "38"]
[EventDate "2008.08.02"]

1. e4 c5 2. c3 Nf6 3. e5 Nd5 4. d4 Nc6 5. Nf3 d6 6. exd6 exd6 7. Be2 g6 8. Na3
Bg7 9. Nc2 O-O 10. O-O Bf5 11. Ne3 Nxe3 12. Bxe3 Qb6 13. dxc5 dxc5 14. Qc1 Rfe8
15. b4 Rxe3 16. bxc5 Qxc5 17. Qxe3 Qxe3 18. fxe3 Bxc3 19. Rac1 Bg7 1-0

[Event "First Saturday 2008 augusztus FM-B"]
[Site "Budapest"]
[Date "2008.08.06"]
[Round "5"]
[White "Fleming, Andrew S.J"]
[Black "Trajber, Csaba dr"]
[Result "0-1"]
[WhiteElo "2041"]
[BlackElo "2097"]
[PlyCount "74"]
[EventDate "2008.08.02"]

1. e4 c5 2. Nc3 Nc6 3. Bc4 g6 4. f4 Bg7 5. Nf3 e6 6. d3 d6 7. O-O Nge7 8. a4
O-O 9. Bb3 Nd4 10. Nxd4 cxd4 11. Ne2 Bd7 12. Ng3 Kh8 13. Bd2 a5 14. Qe2 Rc8 15.
Rf2 Rc5 16. Re1 Qc8 17. Rc1 Qe8 18. Ra1 Qc8 19. Rc1 Qc7 20. f5 exf5 21. exf5
Nxf5 22. Ne4 Rc6 23. Ng5 Be8 24. Rxf5 gxf5 25. Qh5 h6 26. Re1 d5 27. Bxd5 Rf6
28. Rxe8 Rxe8 29. Nxf7+ Rxf7 30. Bxf7 Rf8 31. Bg6 Qe5 32. h3 f4 33. Qxe5 Bxe5
34. Bxa5 Ra8 35. b4 Ra6 36. Be4 b6 37. Bb7 Ra7 0-1

[Event "First Saturday 2008 augusztus FM-B"]
[Site "Budapest"]
[Date "2008.08.07"]
[Round "6"]
[White "Bodrogi, Laszlo"]
[Black "Trajber, Csaba dr"]
[Result "1-0"]
[WhiteElo "2104"]
[BlackElo "2097"]
[PlyCount "141"]
[EventDate "2008.08.02"]

1. d4 Nf6 2. Nf3 c5 3. e3 g6 4. Bd3 Bg7 5. O-O Qc7 6. Nbd2 O-O 7. Re1 b6 8. c3
d5 9. e4 dxe4 10. Nxe4 Nbd7 11. Qe2 e6 12. Nxf6+ Nxf6 13. Bg5 Nh5 14. Qe3 c4
15. Bc2 Bb7 16. g4 Nf6 17. Bxf6 Bxf6 18. Be4 Rad8 19. Bxb7 Qxb7 20. Nd2 Qc7 21.
f4 Rd5 22. Ne4 Bg7 23. Re2 f6 24. Rf1 h6 25. Ng3 Re8 26. f5 gxf5 27. Nxf5 e5
28. Nxh6+ Kh8 29. Rf5 Red8 30. Qh3 R8d7 31. Rh5 Bxh6 32. Rxh6+ Rh7 33. Rxh7+
Qxh7 34. Qxh7+ Kxh7 35. dxe5 fxe5 36. Kf2 Kg6 37. h4 Kf6 38. Kg2 Ra5 39. a3 Rd5
40. Rf2+ Kg6 41. Kg3 Rd3+ 42. Rf3 Rd2 43. h5+ Kg7 44. Kh4 Rxb2 45. Kg5 Rh2 46.
Re3 Kf7 47. Rxe5 Rh3 48. h6 Rxc3 49. h7 Rh3 50. Rd5 Rxh7 51. Rd7+ Kg8 52. Rd8+
Kf7 53. Rc8 Rg7+ 54. Kf5 b5 55. g5 Ke7 56. g6 Kd7 57. Rh8 Kd6 58. Kf6 Rc7 59.
g7 Rxg7 60. Kxg7 a5 61. Kf6 b4 62. axb4 axb4 63. Kf5 b3 64. Ke4 Kc5 65. Rb8 c3
66. Kd3 c2 67. Kd2 Kc4 68. Kc1 Kc3 69. Rc8+ Kd3 70. Rc7 Ke2 71. Rc3 1-0

[Event "First Saturday 2008 augusztus FM-B"]
[Site "Budapest"]
[Date "2008.08.07"]
[Round "6"]
[White "Anar, Oskun"]
[Black "Fleming, Andrew S.J"]
[Result "0-1"]
[WhiteElo "1961"]
[BlackElo "2041"]
[PlyCount "58"]
[EventDate "2008.08.02"]

1. e4 e6 2. d3 c5 3. Nf3 d5 4. Nbd2 Nc6 5. g3 Nf6 6. Bg2 Be7 7. O-O O-O 8. Re1
Qc7 9. e5 Nd7 10. Qe2 b5 11. c4 Nb4 12. cxd5 Nxd5 13. Ne4 Bb7 14. Bf4 N7b6 15.
Rac1 Nxf4 16. gxf4 Nd5 17. Nxc5 Nxf4 18. Qe3 Nxg2 19. Kxg2 Bxc5 20. Qxc5 Qa5
21. Qc7 Bxf3+ 22. Kxf3 Qxa2 23. Qc3 Qd5+ 24. Kg3 f6 25. exf6 Rxf6 26. Qc6 Raf8
27. Qxd5 exd5 28. Re2 Rf3+ 29. Kg2 Rxd3 0-1

[Event "First Saturday 2008 augusztus FM-B"]
[Site "Budapest"]
[Date "2008.08.07"]
[Round "6"]
[White "Surinya, Tibor"]
[Black "Eisenbeiser, Karlheinz"]
[Result "0-1"]
[WhiteElo "2049"]
[BlackElo "2034"]
[PlyCount "159"]
[EventDate "2008.08.02"]

1. d4 d6 2. Nf3 g6 3. c4 Bg7 4. Nc3 e5 5. e4 exd4 6. Nxd4 Nc6 7. Be3 Nge7 8.
Be2 a6 9. O-O O-O 10. Nd5 h6 11. Qd2 Kh7 12. Rad1 f5 13. exf5 Nxf5 14. Nxf5
Bxf5 15. b3 Rf7 16. Bd3 Bxd3 17. Qxd3 Qd7 18. Qc2 Qf5 19. Qxf5 gxf5 20. Rfe1
Re8 21. Bf4 Rxe1+ 22. Rxe1 Be5 23. Bd2 Bd4 24. Kf1 Ne5 25. f3 Nc6 26. f4 Bg7
27. Re8 Nd4 28. Rc8 Ne6 29. Re8 Nd4 30. Be3 Nc2 31. Bf2 c6 32. Nb6 Nb4 33. Re2
d5 34. cxd5 Nxd5 35. Nxd5 cxd5 36. Rd2 Rd7 37. Bd4 Bxd4 38. Rxd4 Kg6 39. Kf2
Kf6 40. Rd1 Ke6 41. Ke3 Kd6 42. Kd3 Re7 43. g3 Re4 44. a3 d4 45. Kc4 b5+ 46.
Kd3 Kd5 47. Kc2 Re3 48. a4 b4 49. Kd2 Rxb3 50. Re1 Kc4 51. Rc1+ Rc3 52. Rb1 b3
53. Re1 Rc2+ 54. Kd1 Kc3 55. Re7 Kd3 56. Rb7 b2 57. Rb3+ Rc3 58. Rxb2 Ra3 59.
Rb1 Rxa4 60. Rb3+ Kc4 61. Rb8 Ra1+ 62. Kd2 Ra2+ 63. Kc1 Rxh2 64. Rc8+ Kd3 65.
Rg8 Rh1+ 66. Kb2 Kd2 67. Ra8 d3 68. Rxa6 Rh2 69. Re6 Re2 70. Rxh6 Ke1+ 71. Kc3
d2 72. Rh1+ Kf2 73. Rd1 Kxg3 74. Kd3 Re8 75. Rg1+ Kf2 76. Rh1 Rd8+ 77. Kc2 Ke3
78. Kd1 Kxf4 79. Rf1+ Ke4 80. Rg1 0-1

[Event "First Saturday 2008 augusztus FM-B"]
[Site "Budapest"]
[Date "2008.08.07"]
[Round "6"]
[White "Letay, Gyula"]
[Black "Trajber, Daniel"]
[Result "1-0"]
[WhiteElo "2085"]
[BlackElo "2038"]
[PlyCount "87"]
[EventDate "2008.08.02"]

1. Nf3 d5 2. g3 Nf6 3. d3 c5 4. Bg2 Nc6 5. Nbd2 e6 6. O-O Be7 7. c3 O-O 8. Qc2
b6 9. Re1 Bb7 10. e4 Rc8 11. e5 Nd7 12. Qa4 a6 13. Qg4 Qc7 14. d4 cxd4 15. cxd4
Nb4 16. Nf1 Qc2 17. a3 Nd3 18. Bh6 Qxf2+ 19. Kh1 g6 20. Bxf8 Nxe1 21. Rxe1 Nxf8
22. Ne3 Qxb2 23. Qf4 h5 24. Rf1 Rc1 25. Ne1 Rc7 26. Qxf7+ Kh8 27. N1c2 Qb5 28.
h4 Bc6 29. Qf4 Kg7 30. g4 Be8 31. gxh5 gxh5 32. Bh3 Ng6 33. Rg1 Bf7 34. Ne1 Qe2
35. Qg3 Bxh4 36. Qxh4 Qxe3 37. Qf6+ Kh7 38. Nf3 Qe4 39. Re1 Qf4 40. Ng5+ Kg8
41. Qd8+ Kg7 42. Rf1 Rc1 43. Qf6+ Kg8 44. Qxf4 1-0

[Event "First Saturday 2008 augusztus FM-B"]
[Site "Budapest"]
[Date "2008.08.08"]
[Round "7"]
[White "Nyland, Thomas"]
[Black "Bodrogi, Laszlo"]
[Result "1-0"]
[WhiteElo "2107"]
[BlackElo "2104"]
[PlyCount "79"]
[EventDate "2008.08.02"]

1. d4 Nf6 2. c4 e6 3. Nc3 Bb4 4. Qc2 O-O 5. a3 Bxc3+ 6. Qxc3 b5 7. cxb5 c6 8.
bxc6 Nxc6 9. Bg5 h6 10. Bxf6 Qxf6 11. e3 a5 12. Nf3 Bb7 13. Be2 Rfc8 14. Qd2 d6
15. O-O e5 16. d5 Ne7 17. e4 Ng6 18. g3 Qd8 19. b4 f5 20. exf5 Ne7 21. f6 Nxd5
22. fxg7 Qf6 23. bxa5 Nc3 24. Nh4 Nxe2+ 25. Qxe2 Ba6 26. Qd2 Bxf1 27. Rxf1 Rc5
28. Rd1 d5 29. Rb1 Rac8 30. a6 Kxg7 31. Rb7+ Kf8 32. a7 Qa6 33. Qb4 Ke8 34. Kg2
d4 35. Nf5 Qc6+ 36. Kh3 h5 37. Ng7+ Kd8 38. Qxc5 Qxb7 39. Qd6+ Qd7+ 40. Ne6+
1-0

[Event "First Saturday 2008 augusztus FM-B"]
[Site "Budapest"]
[Date "2008.08.08"]
[Round "7"]
[White "Eisenbeiser, Karlheinz"]
[Black "Letay, Gyula"]
[Result "1-0"]
[WhiteElo "2034"]
[BlackElo "2085"]
[PlyCount "47"]
[EventDate "2008.08.02"]

1. g3 g6 2. Bg2 Bg7 3. e4 c5 4. c3 Nc6 5. Ne2 Qb6 6. d3 d6 7. Nd2 e6 8. a4 Nge7
9. Nc4 Qd8 10. Ne3 O-O 11. O-O d5 12. f4 d4 13. Nc4 e5 14. cxd4 cxd4 15. Nxe5
Nxe5 16. fxe5 Nc6 17. e6 Bxe6 18. Nf4 Qd7 19. Bd2 a5 20. Nd5 Bxd5 21. exd5 Ne7
22. Qb3 Nf5 23. Bh3 Rfe8 24. Rae1 1-0

[Event "First Saturday 2008 augusztus FM-B"]
[Site "Budapest"]
[Date "2008.08.08"]
[Round "7"]
[White "Fleming, Andrew S.J"]
[Black "Surinya, Tibor"]
[Result "1-0"]
[WhiteElo "2041"]
[BlackElo "2049"]
[PlyCount "41"]
[EventDate "2008.08.02"]

1. e4 c5 2. Nc3 Nc6 3. Bc4 g6 4. f4 Bg7 5. Nf3 e6 6. d3 Nge7 7. a4 d5 8. Ba2
O-O 9. O-O b6 10. Kh1 Bb7 11. e5 h5 12. Ne2 d4 13. Ng3 Nb4 14. Bb3 a6 15. Ng5
b5 16. Nxh5 Nf5 17. Nxg7 Nxg7 18. Bd2 Qb6 19. Qg4 Qc6 20. Bxb4 cxb4 21. Rf3 1-0